00868nam a22001937a 4500003000900000008004100009040007100050082002400121110005500145245007200200260007200272300002400344440004300368505017200411650001500583650002400598700003400622700001800656AR-CdUCM190425b ||||| |||| 00| 0 spa d aMUNICIPALIDAD PROVINCIAL DEL CUSCOcBIBLIOTECA MUNICIPAL DEL CUSCO aEleconom/N° 5/1993 aUniversidad Nacional de San Antonio Abad del Cusco aEl Economista /cDirección del Programa Académico de Economía aCusco :bDirección del Programa Académico de Economía,c1993. a23 hojas. :c29 cm. aEl Economista.nNúmero 5, año 1993 aContenido: Pulso económico. -- Balance económico 1992. Luis Alberto Paliza Gallegos. -- Los recursos del mundo. John Tierney. -- Maestría en desarrollo regional  aEconomía aDesarrollo Regional aPaliza Gallegos, Luis Alberto aTierney, Hohn